Automatizovaný návrh logických kombinačných obvodov s integrovanými obvodmi MSI /

Salvato in:
Dettagli Bibliografici
Autore principale: Pištek, Peter, 1985- (Autore)
Altri autori: Kolesár, Milan, 1942- (Relatore della tesi)
Natura: Manoscritto Libro
Lingua:slovacco
Pubblicazione: Bratislava : STU v Bratislave FIIT 2007
Soggetti:
Tags: Aggiungi Tag
Nessun Tag, puoi essere il primo ad aggiungerne!!

MARC

LEADER 00000ntm a22000003a 4500
001 0031246
003 SK-STU
005 20180423103958.5
007 ta
008 180215s2018----xo-----f-mn---000-0-slo-d
040 |a STU  |b slo 
041 0 |a slo 
044 |a xo  |c SK 
100 1 |a Pištek, Peter,  |d 1985-  |u 070400  |4 aut  |r Z1  |U FIIT Fakulta informatiky a informačných technológií  |T FIIT Ústav počítačového inžinierstva a aplikovanej informatiky  |X 20920  |U I400  |Y 672  |7 20920 
245 1 0 |a Automatizovaný návrh logických kombinačných obvodov s integrovanými obvodmi MSI /  |c aut. Peter Pištek ; škol. Milan Kolesár 
260 |c 2007  |a Bratislava :  |b STU v Bratislave FIIT 
300 |a 47 s.  |e CD; neobsahuje posudky 
530 |a stu_us_auth*0050648 
650 0 7 |a Boolovské funkcie 
700 1 |a Kolesár, Milan,  |d 1942-  |4 ths  |X 2137  |7 2137 
996 |c I* BAP138/07  |l II680  |s P  |a 0  |w 0031246_0001